Bilecik Bilecik Bilecik Bilecik Bilecik

Kültür değişmesi ve milliyetçilik/ (Record no. 9676)

MARC details
000 -BAŞLIK
Sabit Uzunluktaki Kontrol Alanı 01783nam a22003497a 4500
001 - KONTROL NUMARASI
Control Dosyası 0009704
003 - KONTROL NUMARASI KİMLİĞİ
Kontrol Alanı KOHA_MİRAKIL
005 - EN SON İŞLEM TARİHİ ve ZAMANI
Kontrol Alanı 20260207001718.0
007 - FİZİKSEL TANIM SABİT ALAN - GENEL BİLGİ
Sabit uzunluklu kontrol alanı ta
008 - SABİT UZUNLUKTAKİ VERİ ÖGELERİ - GENEL BİLGİ
Sabit Alan 091023b2007 tu |||gr||||#0|||0|tur |
020 ## - ISBN - ULUSLARARASI STANDART KİTAP NUMARASI
Isbn 9789754370249
040 ## - KATALOGLAMA KAYNAĞI
Özgün Kataloglama Kurumu TR-BiSEU
Kataloglama Dili tur
Çeviri Kurumu TR-BiSEU
Açıklama Kuralları rda
041 0# - DİL KODU
Metin ya da ses kaydının dil kodu tur
044 ## - YAYINLAYAN/ÜRETEN KURULUŞUN ÜLKE KODU
ISO country code tu
050 ## - SINIFLAMA ve YER NUMARASI
Sınıflama Numarası DR432
Yer Numarası .G86 2007
100 1# - KİŞİ ADI
Yazar Adı (Kişi adı) Güngör, Erol.
245 1# - ESER ADI BİLDİRİMİ
Başlık Kültür değişmesi ve milliyetçilik/
Sorumluluk Bildirimi Erol Güngör ; Erol Güngör.
264 #1 - ÜRERİM, YAYIN, DAĞITIM ve TELİF BİLDİRİMİ
Yayın yeri İstanbul :
Yayınlayan Ötüken
Yayın tarihi 2007
300 ## - FİZİKSEL TANIMLAMA
Sayfa, Cilt vb. 192 sayfa
336 ## - İÇERİK TÜRÜ
Content type term metin
Content type code txt
Source rdacontent
337 ## - MEDYA TÜRÜ
Media type term aracısız
Media type code n
Source rdamedia
338 ## - TAŞIYICI TÜRÜ
Carrier type term cilt
Carrier type code nc
Source rdacarrier
490 1# - DİZİ BİLDİRİMİ
Dizi Bildirimi Yayın Nu ;
Cilt Numarası 182.
490 1# - DİZİ BİLDİRİMİ
Dizi Bildirimi Kültür Serisi ;
Cilt Numarası 43.
505 ## - İÇİNDEKİLER NOTU
İçindekiler Notu Sosyal Psikolojinin kadim problemini ülkemize tatbik eden, yaşattığı dönemi soğukkanlılıkla gözlemleyen, çareler gösteren bir eserdir. "Bugün herkes biliyor ve görüyor ki, Türkiye çok hızlı ve geniş çaplı bir değişme içindedir. Hiç kimse bu değişmenin kendi seyrine bırakılmasına taraftar değildir; herkes kendi fikrine göre bu değişmeyi şu veya bu şekilde kontrol altına almak istemektedir." "Herkeste aynı soruya rastlıyoruz: Neyi alalım, neyi atalım? Buna karar verebilmek için önce bu konularda bizim irademizin ne kadar geçerli olduğunu bilmemiz gerekiyor. Bizim bu kitaptaki tezimiz, alınacak ve atılacak şeylerin bir envanterini çıkarmaktan ziyade, millî bünyeyi kuvvetlendirici tedbirler üzerinde çalışmanın doğru olacağıdır."
650 #0 - KONU BAŞLIĞI EK GİRİŞ - KONU TERİMİ
Konusal terim veya coğrafi ad Turkey--Civilization--Western influences.
9 (RLIN) 6912
650 #0 - KONU BAŞLIĞI EK GİRİŞ - KONU TERİMİ
Konusal terim veya coğrafi ad Nationalism--Turkey.
9 (RLIN) 9682
830 1# - SERİ EK GİRİŞİ - TEKBİÇİM ESER ADI
Tekbiçim Başlık Yayın Nu ;
Volume number/sequential designation 182.
9 (RLIN) 6553
830 1# - SERİ EK GİRİŞİ - TEKBİÇİM ESER ADI
Tekbiçim Başlık Kültür Serisi ;
Volume number/sequential designation 43.
9 (RLIN) 6554
907 ## - LOCAL DATA ELEMENT G, LDG (RLIN)
a Tarih
942 ## - EK GİRİŞ ÖGELERİ (KOHA)
Source of classification or shelving scheme Library of Congress Classification
Koha item type Book
505 ## - İÇİNDEKİLER NOTU
--
Holdings
Materyal Türü Kalıcı Konum Mevcut Konum Raf Yeri Sınıflandırma Kaynağı Edinim Bilgisi Ana Konular Alt Konular Yer Numarası Demirbaş Numarası Fatura Tarihi Maliyet, Alış Fiyatı Maliyet, Yenileme Fiyatı Geri Çekilme Durumu Kayıp Durumu Hasarlı Durumu Kredi için değil Kayıt Tarih Toplam Ödünçverme Son Görülme Tarihi Son Kontrol Tarihi Genel / Bağış Notu
Book Prof. Dr. Azmi Özcan Kütüphanesi Prof. Dr. Azmi Özcan Kütüphanesi Uluğbey Salonu Library of Congress Classification Bağış DÜNYA TARİHİ (AVRUPA, ASYA, AFRİKA VB.) Balkan Yarımadası DR432 .G86 2007 0009704 13/08/2010 12.00 12.00         23/10/2009 5 05/12/2024 05/12/2024 Ötüken Yayınevi